Представление документа в формате RUSMARC

ПолеНазваниеЗначение
  Тип записи a
  Библиографический уровень a
001 Контрольный номер RU/УОНБ/EK_KRAY/320903452
005 Дата корректировки 20240410142030.4
100 Данные общей обработки __
a Данные общей обработки 20050422d2005 u u0rusy0103 ba
101 Язык документа 0_
a Язык текста rus
200 Заглавие и сведения об ответственности 1_
a Заглавие "Счастье любви к Отечеству..."
210 Выходные данные 1_
d Дата издания 2005
215 Физическое описание __
c Иллюстрации/тип воспроизводства 3 ил.
300 Общие примечания __
a Общие примечания Имеется полный текст документа
330 Аннотация __
a Аннотация Писатель В. Соллогуб и Симбирская губ.
461 Уровень набора _0
1 2001
a Мономах
463 Уровень физической единицы _0
1 2000
a № 1.
v С. 25
1 210
d 2005
1 215
c фот.
600 Персоналии _1
a Персоналии (Фамилия) Соллогуб, Владимир Александрович
607 Географические рубрики __
a Географическое наименование Симбирская губерния
610 Ключевые слова 0_
a Ключевые слова писатели
686 Индексы других классификаций __
a Классификационный индекс 83.31
2 Код системы rubbk
801 Источник записи _0
a Страна RU
b Организация Ульяновская ОНБ
c Дата составления 20050422
g Правила каталогизации PSBO
801 Источник записи _1
a Страна RU
b Организация Ульяновская ОНБ
c Дата составления 20050422
901 Тип документа __
t Тип документа b
w Контрольный № источника UONB/MAIN/e20c912e1be84bdfbfd321b4b3a9296d
909 Создатель записи __
a Создатель записи Кучерова
938 Служебная информация __
a Имя БД kraeved_work
b Имя библиотеки УОНБ
c Имя АИБС МАРК-SQL
d Номер DOC_ID в БД 47358